| 000 | 01346nam0a2200313 4500 | ||
|---|---|---|---|
| 001 | RU\NLR\bibl\1843290 | ||
| 005 | 20260405061834.0 | ||
| 010 |
_a978-5-85247-495-7 _bкн. 3 |
||
| 010 |
_a978-5-85247-492-6 _bобщ. _92000 |
||
| 021 |
_aRU _b2011-91785 _96571 |
||
| 035 | _a(NLR Aleph) 001833737 | ||
| 090 |
_a2175269 _c2175269 |
||
| 100 | _a20111205d2011 |||y0rusy50 ca | ||
| 101 | 0 | _arus | |
| 102 | _aRU | ||
| 105 | _ac ||||||||| | ||
| 200 | 1 |
_aКнига Единства _e[избранные произведения] _fРавиль Бухараев |
|
| 210 |
_aКазань _cМагариф-Вакыт _d2011 |
||
| 215 |
_a413, [2] с. _cпортр. _d17 |
||
| 320 | _aБиблиогр. в подстроч. примеч. | ||
| 327 | 1 | _aСодерж.: Дорога Бог знает куда, книга для брата | |
| 464 | 0 |
_12001#$aДорога Бог знает куда, книга для брата _tДорога Бог знает куда, книга для брата |
|
| 686 | _aШ6(2=Тат)7-4{Лх-татар.528-45} | ||
| 700 | 1 |
_4070 _7ca _8rus _aБухараев _bР. Р. _f1951-2012 _gРавиль Раисович _3RU\NLR\AUTH\7720763 _93829 |
|
| 801 | 0 |
_aRU _bNLR _c20111205 _gRCR |
|
| 801 | 1 |
_aRU _bNLR _c20111205 |
|
| 942 | _cBOOK | ||
| 980 | _aNB | ||